OJT : Komunikasi : 20- 22 Disember 2010

Bibliographic Details
Corporate Authors: OJT : Komunikasi, INSPEN ( Institut Penilaian Negara )
Format: Book
Language:Malay
Published: Bangi : Institut Penilaian Negara , 2010
Subjects:
Online Access:http://app.inspen.gov.my:7779/pls/portal/docs/PAGE/CORPORATEPAGES/PORTAL_INSPEN/NOTA_KURSUS/MANAGEMENT/11%20OJT%20KOMUNIKASI.PDF

MARC

LEADER 00000cam a2200000 7i4500
001 0000023110
005 20111012.0
008 110412 my a may
040 |a INS 
090 0 0 |a M294 
110 1 |a OJT : Komunikasi ,   |d 2010 20 - 22 Disember   |c INSPEN, Bangi 
245 0 0 |a OJT : Komunikasi :   |b 20- 22 Disember 2010   |c Anjuran Pusat Pengurusan dan Teknologi Maklumat, INSPEN 
260 |a Bangi :   |b Institut Penilaian Negara ,   |c 2010 
300 |a 1v. ( Various pagings ) :   |b ill. ;   |c 30cm. 
650 0 |a Communication 
710 1 |a INSPEN ( Institut Penilaian Negara ) 
856 |u http://app.inspen.gov.my:7779/pls/portal/docs/PAGE/CORPORATEPAGES/PORTAL_INSPEN/NOTA_KURSUS/MANAGEMENT/11%20OJT%20KOMUNIKASI.PDF 
999 |a M000000667   |b BOOK   |c Course Notes   |e Default branch 
999 |a M000000668   |b BOOK   |c Course Notes   |e Default branch 
999 |a M000000677   |b BOOK   |c Course Notes   |e Default branch